<?xml version="1.0" encoding="UTF-8"?>
<record
    xmlns:xsi="http://www.w3.org/2001/XMLSchema-instance"
    xsi:schemaLocation="http://www.loc.gov/MARC21/slim http://www.loc.gov/standards/marcxml/schema/MARC21slim.xsd"
    xmlns="http://www.loc.gov/MARC21/slim">

  <leader>01469cam a2200301 a 4500</leader>
  <controlfield tag="001">3719028</controlfield>
  <controlfield tag="005">19880314000000.0</controlfield>
  <controlfield tag="008">811026s1981    paua     b    101 0 eng  </controlfield>
  <datafield tag="010" ind1=" " ind2=" ">
    <subfield code="a">   80070650 </subfield>
  </datafield>
  <datafield tag="040" ind1=" " ind2=" ">
    <subfield code="a">DLC</subfield>
    <subfield code="c">DLC</subfield>
    <subfield code="d">DLC</subfield>
  </datafield>
  <datafield tag="050" ind1="0" ind2="0">
    <subfield code="a">TA418.38</subfield>
    <subfield code="b">.F367</subfield>
  </datafield>
  <datafield tag="082" ind1="0" ind2="0">
    <subfield code="a">620.1126</subfield>
    <subfield code="2">19</subfield>
    <subfield code="b">FAT</subfield>
  </datafield>
  <datafield tag="245" ind1="0" ind2="0">
    <subfield code="a">Fatigue crack growth measurement and data analysis :</subfield>
    <subfield code="b">a symposium /</subfield>
    <subfield code="c">sponsored by ASTM Committees E-9 on Fatigue and E-24 on Fracture Testing, American Society for Testing and Materials, Pittsburgh, Pa., 29-30 Oct., 1979 ; S.J. Hudak, Jr., and R.J. Bucci, editors.</subfield>
  </datafield>
  <datafield tag="260" ind1=" " ind2=" ">
    <subfield code="a">Philadelphia, Pa. :</subfield>
    <subfield code="b">ASTM,</subfield>
    <subfield code="c">c1981.</subfield>
  </datafield>
  <datafield tag="300" ind1=" " ind2=" ">
    <subfield code="a">370 p. :</subfield>
    <subfield code="b">ill. ;</subfield>
    <subfield code="c">24 cm.</subfield>
  </datafield>
  <datafield tag="440" ind1=" " ind2="0">
    <subfield code="a">ASTM special technical publication ;</subfield>
    <subfield code="v">738</subfield>
    <subfield code="9">6210</subfield>
  </datafield>
  <datafield tag="500" ind1=" " ind2=" ">
    <subfield code="a">Papers presented at the Symposium on Fatigue Crack Growth Measurement and Data Analysis.</subfield>
  </datafield>
  <datafield tag="504" ind1=" " ind2=" ">
    <subfield code="a">Includes bibliographical references and index.</subfield>
  </datafield>
  <datafield tag="650" ind1=" " ind2="0">
    <subfield code="a">Materials</subfield>
    <subfield code="x">Fatigue</subfield>
    <subfield code="x">Congresses.</subfield>
    <subfield code="9">6211</subfield>
  </datafield>
  <datafield tag="650" ind1=" " ind2="0">
    <subfield code="a">Fracture mechanics</subfield>
    <subfield code="x">Congresses.</subfield>
    <subfield code="9">6212</subfield>
  </datafield>
  <datafield tag="700" ind1="1" ind2=" ">
    <subfield code="a">Hudak, S. J.</subfield>
    <subfield code="9">6213</subfield>
  </datafield>
  <datafield tag="700" ind1="1" ind2=" ">
    <subfield code="a">Bucci, R. J.</subfield>
    <subfield code="9">6214</subfield>
  </datafield>
  <datafield tag="710" ind1="2" ind2=" ">
    <subfield code="a">ASTM Committee E-9 on Fatigue.</subfield>
    <subfield code="9">6215</subfield>
  </datafield>
  <datafield tag="710" ind1="2" ind2=" ">
    <subfield code="a">ASTM Committee E-24 on Fracture Testing.</subfield>
    <subfield code="9">6216</subfield>
  </datafield>
  <datafield tag="711" ind1="2" ind2=" ">
    <subfield code="a">Symposium on Fatigue Crack Growth Measurement and Data Analysis</subfield>
    <subfield code="d">(1979 :</subfield>
    <subfield code="c">Pittsburgh, Pa.)</subfield>
    <subfield code="9">6217</subfield>
  </datafield>
  <datafield tag="942" ind1=" " ind2=" ">
    <subfield code="2">ddc</subfield>
    <subfield code="c">BB</subfield>
  </datafield>
  <datafield tag="999" ind1=" " ind2=" ">
    <subfield code="c">11844</subfield>
    <subfield code="d">11844</subfield>
  </datafield>
  <datafield tag="952" ind1=" " ind2=" ">
    <subfield code="0">0</subfield>
    <subfield code="1">0</subfield>
    <subfield code="2">ddc</subfield>
    <subfield code="4">0</subfield>
    <subfield code="7">0</subfield>
    <subfield code="8">Alef-Baa</subfield>
    <subfield code="a">MAIN</subfield>
    <subfield code="b">MAIN</subfield>
    <subfield code="c">1ST</subfield>
    <subfield code="d">2009-06-16</subfield>
    <subfield code="e">purchase</subfield>
    <subfield code="g">150.00</subfield>
    <subfield code="l">0</subfield>
    <subfield code="o">620.1126 FAT</subfield>
    <subfield code="p">000016862</subfield>
    <subfield code="r">2025-07-15 00:00:00</subfield>
    <subfield code="y">BB</subfield>
  </datafield>
</record>
